Click the Colours of Joseph's Dreamcoat - Statistics

General Stats
  • This quiz has been taken 112 times
  • The average score is 20 of 29
Answers on the Grid
Answers color-coded by a green-red scale on the quiz's grid according to % correct below.
azure
beige
black
blue
brown
chocolate
coral
cream
crimson
cyan
fawn
gold
green
grey
indigo
lemon
lilac
lime
maroon
mauve
mint
mustard
ochre
olive
orange
peach
pink
plum
purple
red
rose
ruby
russet
saffron
scarlet
silver
teal
violet
white
yellow
 
Answer Stats
Answer % Correct
blue
90%
orange
88%
purple
88%
red
85%
yellow
85%
green
83%
brown
81%
crimson
81%
gold
81%
black
76%
violet
76%
scarlet
75%
pink
74%
silver
74%
white
72%
grey
69%
ruby
65%
azure
64%
lilac
62%
cream
57%
peach
57%
mauve
56%
olive
56%
rose
56%
ochre
51%
lemon
43%
russet
40%
chocolate
38%
fawn
38%
No matching quizzes found
Score Distribution
Percent of People with Each Score
Percentile by Number Answered
Your Score History
You have not taken this quiz